| 000 | 00784nam a2200205Ia 4500 | ||
|---|---|---|---|
| 003 | 0 | ||
| 005 | 20250131142457.0 | ||
| 008 | 150126s9999 xx 000 0 und d | ||
| 050 |
_aPGS GV 706.4 _b.D482 2014 |
||
| 100 | _aDe Torres, Krisjaene. | ||
| 245 |
_aSports engagement and academic performance of grade 6 students of SISC / _cKrisjaene De Torres. |
||
| 260 |
_aLas Piñas City, Philippines : _bSouthville International School and Colleges, _c2014. |
||
| 300 |
_a25 p. : _bill. ; _c28 cm. |
||
| 504 | _aIncludes bibliographical references. | ||
| 650 | _aSports and academic achievement. | ||
| 650 |
_aSports _vPsychological aspects. |
||
| 650 |
_aAcademic performance _vInfluence of physical activity. |
||
| 650 |
_aChildren _vEducation—Social aspects. |
||
| 942 |
_2lcc _cPASS |
||
| 999 |
_c278574 _d278574 |
||